Normal view
MARC view
- Thomson, Norman
Entry Personal Name
001 - CONTROL NUMBER
- control field: 109543
003 - CONTROL NUMBER IDENTIFIER
- control field: NUST
005 - DATE AND TIME OF LATEST TRANSACTION
- control field: 20230223180934.0
008 - FIXED-LENGTH DATA ELEMENTS
- fixed length control field: 230223|| aca||aabn | a|a d
040 ## - CATALOGING SOURCE
- Original cataloging agency: NUST
- Transcribing agency: NUST
100 ## - HEADING--PERSONAL NAME
- Personal name: Thomson, Norman
670 ## - SOURCE DATA FOUND
- Source citation: Work cat.: (NUST)181683: Thomson, Norman, APL programs for the mathematics classroom /, c1989.
